Ahavah ʻal ha-gevul / (Record no. 33132)

MARC details
000 -LEADER
fixed length control field 00616cam a22002171 4500
001 - CONTROL NUMBER
control field he 68000876
003 - CONTROL NUMBER IDENTIFIER
control field DLC
005 - DATE AND TIME OF LATEST TRANSACTION
control field 20260227111456.0
008 - FIXED-LENGTH DATA ELEMENTS--GENERAL INFORMATION
fixed length control field 840430s1967 is 000 1 heb
010 ## - LIBRARY OF CONGRESS CONTROL NUMBER
LC control number he 68000876
035 ## - SYSTEM CONTROL NUMBER
System control number (OCoLC)19151830
040 ## - CATALOGING SOURCE
Original cataloging agency DLC
Transcribing agency MH
Modifying agency CU
-- DLC
042 ## - AUTHENTICATION CODE
Authentication code premarc
050 00 - LIBRARY OF CONGRESS CALL NUMBER
Classification number PJ5054.S7
Item number A72
100 2# - MAIN ENTRY--PERSONAL NAME
Personal name Stamler-Shomrath, Tziporah
Dates associated with a name 1940-
245 10 - TITLE STATEMENT
Title Ahavah ʻal ha-gevul /
Statement of responsibility, etc. Tziporah Sṭamler-Shomrath
260 ## - PUBLICATION, DISTRIBUTION, ETC.
Place of publication, distribution, etc. [Tel Aviv :
Name of publisher, distributor, etc. ʻAmiḥai,
Date of publication, distribution, etc. [1967]
300 ## - PHYSICAL DESCRIPTION
Extent 151 p. ;
Dimensions 22 cm.
500 ## - GENERAL NOTE
General note Mahadurat Moʻadon ha-roman ha-muvḥar
752 ## - ADDED ENTRY--HIERARCHICAL PLACE NAME
Country or larger entity Israel
City Tel Aviv

No items available.

Powered by Koha